| 000 | 00523nam a22001817a 4500 | ||
|---|---|---|---|
| 999 |
_c12312 _d12312 |
||
| 008 | 221216b 2014 ||||| |||| 00| 0 eng d | ||
| 020 | _a9789350998328 | ||
| 082 | _bSAP | ||
| 100 | _aSapali, S.N. | ||
| 110 | _aJoshi, P. B. , Ghorpade, S. S. | ||
| 245 | _aThermodynamics | ||
| 260 |
_aPune _bTechnical Publication _c2014 |
||
| 300 | _avi,1.1-6.4p. | ||
| 650 | _aIntroduction and Basic Concepts | ||
| 650 | _aSecond Law of Thermodynamics and Entropy | ||
| 650 | _aAvailability and Property Relation | ||
| 942 | _cGB | ||